000 01661cam a22004814i 4500
003 PE-LiUPU
005 20250731172950.0
008 150623s r 000 0 d
020 _a0310703816
035 _a(Sirsi) i9780310703815
040 _aPE-LiUPU
_bspa
_cPE-LiUPU
_erda
049 _aPRUA
082 0 4 _a239
_bG68
_221
245 0 0 _aUnification church /
_cAlan W. Gomes.
264 1 _aMichigan :
_bZondervan Publishing House,
_c1995.
300 _a85 páginas ;
_c21.5 centímetros
336 _atext
_2rdacontent
337 _aunmediated
_2rdamedia
338 _avolume
_2rdacarrier
490 0 _aZondervan Guide to Cults and Religious Movements. First Series
504 _aIncluye bibliografía.
505 0 _aIntroduction. -Theology. -Witnessing tips. -Selected bibliography. -Parallel comparison chart.
526 _aSEG42
526 _aSEG41
526 _aSEG40
526 _aSEG39
526 _aP94
526 _aP87
526 _aP86
526 _aP85
526 _aP77
526 _aP76
526 _aP35
610 2 _aAsociación Unitaria Universalista
_xLiteratura controversial.
650 0 4 _aIglesias unitarias universalistas
_xLiteratura controversial.
700 1 _aGomes, Alan W.,
_eed.
942 _2ddc
_cBOOK
949 _a239 G68 6
_wDEWEY
_c1
_i44909
_lCCODEBUL1
_mBUL
_r0
_sY
_tBOOK
_u2015-6-24
_xTEOLOGIA
_PP35
_0COMPRA
_o.STAFF. Colección General
994 _aC0
_bPEPRU
596 _a1
999 _a239 G68 6
_wDEWEY
_c21780
_i44909
_f2021-11-11
_g5
_lCCODEBUL1
_mBUL
_r0
_sY
_tBOOK
_u2015-6-24
_xTEOLOGIA
_PP35
_0COMPRA
_o.STAFF. Colección General
_d21780
980 _81
_gALBERTO SANCHEZ Responsable de Automatización